A guide to the seaweed industry / (Record no. 11586)

000 -LEADER
fixed length control field 00677cam a2200217Ia 4500
020 ## - INTERNATIONAL STANDARD BOOK NUMBER
ISBN 9251049580
040 ## - CATALOGING SOURCE
Transcribing agency CUS
082 ## - DEWEY DECIMAL CLASSIFICATION NUMBER
Classification number 333 FOO 2003 A030 Or.
100 1# - MAIN ENTRY--AUTHOR NAME
Personal name McHugh, Dennis J
245 12 - TITLE STATEMENT
Title A guide to the seaweed industry /
246 30 - VARYING FORM OF TITLE
Title proper/short title Seaweed industry
260 ## - PUBLICATION, DISTRIBUTION, ETC. (IMPRINT)
Place of publication Rome :
Name of publisher Food and Agriculture Organization of the United Nations,
Year of publication 2003
300 ## - PHYSICAL DESCRIPTION
Number of Pages x, 105 p. :
Other physical details ill. (some col.) ;
Dimensions 30 cm
490 1# - SERIES STATEMENT
Series statement FAO fisheries technical paper,
650 #0 - SUBJECT ADDED ENTRY--TOPICAL TERM
Topical Term Marine algae
650 #0 - SUBJECT ADDED ENTRY--TOPICAL TERM
Topical Term Marine algae industry
650 #0 - SUBJECT ADDED ENTRY--TOPICAL TERM
Topical Term Marine algae as food
650 #0 - SUBJECT ADDED ENTRY--TOPICAL TERM
Topical Term Marine algae culture
710 2# - ADDED ENTRY--CORPORATE NAME
Corporate name or jurisdiction name as entry element Food and Agriculture Organization of the United Nations
942 ## - ADDED ENTRY ELEMENTS (KOHA)
Koha item type សៀវភៅភាសាអង់គ្លេស
952 ## - LOCATION AND ITEM INFORMATION (KOHA)
Withdrawn status [LOCAL, KOHA] 0
Holdings
Permanent Location Date acquired Koha item type Lost status Shelving location Barcode Current Location Full call number
Library Block A2017-08-03សៀវភៅភាសាអង់គ្លេស A016RUA060055Library Block A333 FOO 2003 A016 Or.
មជ្ឈមណ្ឌលឯការនៃសាកលវិទ្យាល័យភូមិន្ទកសិកម្មចំការដូង

Powered by Koha